000 01349aam a2200349 i 4500
001 768714001
003 CO-MdFUSB
005 20220728101646.0
007 Texto
008 200221t2005 enk |||| |||| 00| 0 eng d
020 _a0232525331
040 _bspa.
_aCO-MdFUSB
_cCO-MdFUSB
_dCO-MdFUSBC
_erda
041 _aeng
082 _223
_a270.82
_bR188
100 1 _aRandall, Ian
_eautor
245 1 4 _aWhat a friend we have in Jesus :
_bthe evangelical tradition
_c/ Ian Randall
264 _aLondres, Inglaterra :
_bDarton - Longman y Todd,
_c[2005]
264 _c© 2005
300 _a230 páginas
_c; 22 cm
336 _atexto
_btxt
_2rdacontent
337 _2rdamedia
_asin mediación
_bn
338 _2rdacarrier
_avolumen
_bnc
490 _aTraditions of Christian Spirituality Series
501 _aRústico
505 0 _aEspiritualidad evangélica. -- Evangélicos y la conversión. -- Evangélicos y la Biblia. -- Los sacramentos. -- La oración y la alabanza. -- Evangélicos y la cruz. -- El Espíritu Santo y la santidad. -- La comunión de los creyentes. -- Una espiritualidad misionera. -- Evangélicos y los últimos tiempos. -- El fomento de la espiritualidad.
563 _aRústico
650 0 _9142
_aPentecostalismo
650 0 _951
_aVida espiritual
942 _cBK
945 _aJTF-925
999 _c45503
_d45503